00688nam a2200205Ia 4500003000900000008004100009020001800050040001600068080001500084100002200099245010800121260003600229300001500265650004100280650001400321650002500335942000700360999001500367952010000382IN-BaIIA211028s9999 xx 000 0 eng d a0-460-04535-0 cIIA Library a52-37bHOY aHoyle, Fred92304 0aEvolution from spacecFred Hoyle and Chandra Wickramasinghe  aLondonbJ. M. Dent & Sonsc1981 axii, 176p. aAstronomy and astrophysics thesaurus aCosmology aOrigin of life93519 cBK c7229d7229 00104070aBANbBANcGENd1982-12-08l0o52-37/ HOYp8029r2021-11-05w1982-12-08yBKG£ 7.95